International Trade Selected Readings

Gespeichert in:
Bibliographische Detailangaben
Weitere Verfasser: Bhagwati, Jagdish N.
Format: Buch
Sprache:Englisch
Veröffentlicht: Cambridge MIT Press 1987
Ausgabe:2. ed.
Tags: Tag hinzufügen
Keine Tags, Fügen Sie das erste Tag hinzu!

MARC

LEADER 00000nam a2200000 4500
001 c033518
005 20221219120043.9
041 0 |a eng 
044 |a US 
245 1 0 |a International Trade  |b Selected Readings  |c Edit. Jagdish Bhagwati 
250 |a 2. ed. 
264 1 |a Cambridge  |b MIT Press  |c 1987 
300 |a 504 s. 
700 1 |a Bhagwati, Jagdish N.